Normal view
MARC view
- Maheshwari, H.
Entry Personal Name
001 - CONTROL NUMBER
- control field: 8088
003 - CONTROL NUMBER IDENTIFIER
- control field: NUST
005 - DATE AND TIME OF LATEST TRANSACTION
- control field: 20180105101919.0
008 - FIXED-LENGTH DATA ELEMENTS
- fixed length control field: 180105|| aca||aabn | a|a d
040 ## - CATALOGING SOURCE
- Original cataloging agency: NUST
- Transcribing agency: NUST
100 ## - HEADING--PERSONAL NAME
- Personal name: Maheshwari, H.
- Fuller form of name: (Hazarilal),
- Dates associated with a name: 1921-
670 ## - SOURCE DATA FOUND
- Source citation: Work cat.: (NUST)0: Maheshwari, H. (Hazarilal), 1921-, From crisis to liberation :, 1987.
